000 01458cad a22002295a 4500
001 E159138
008 100126s2015 xxk f s000 0 eng d
035 _a(Sirsi) u159138
041 0 _aeng
050 0 4 _a347.4109 $2 18
110 2 _aChartered Institute of Arbitrators
_91994
245 0 0 _aInternational arbitration guidelines 2015
_h[electronic resource]
260 _bChartered Institute of Arbitrators
_c2015
520 _aReflects best practice in international commercial arbitration without reference to particular requirements of any applicable laws and/or rules. CIArb Practice and Standards Committee reviewed three of the Guidelines relating to jurisdictional challenges, application for interim measures, and application for security for costs. The remainder of eighteen guidelines are currently under review. The Guidelines identify best practice as to how arbitrators should respond to procedural issues and challenges that commonly arise. Guidelines are not prescriptive and do not contain any legal advice.
521 _aAdvanced
590 _aKA
650 2 4 _aARBITRATION PROCEDURES
651 4 _aInternational
690 _aMANAGEMENT-DISPUTE AVOIDANCE, MANAGEMENT AND RESOLUTION-DISPUTE MANAGEMENT AND RESOLUTION-ARBITRATION
856 4 0 _uhttps://web.archive.org/web/20150801235740/https://www.ciarb.org/guidelines-and-ethics/guidelines/practice-guidelines-protocols-and-rules
_zAvailable on the web archive
942 _n0
_2ddc
999 _c115697
_d115697